Bratislava 1932 Ing. arch. A. Balán & Ing. arch. J. Grossmann : 10 roků architektonické práce / 1922-32

Gespeichert in:
Bibliographische Detailangaben
1. Verfasser: Hořejš, Ant (Verfasst von)
Format: Buch
Sprache:Tschechisch
Veröffentlicht: Bratislava : Slovenská Grafia, 1932
Ausgabe:1. vydanie
Schlagworte:
Tags: Tag hinzufügen
Keine Tags, Fügen Sie das erste Tag hinzu!

MARC

LEADER 00000nam a22000003a 4500
001 0064940
003 SK-STU
005 20251126131741.5
007 ta
008 180510s ----xo-----e------000-0-----d
040 |a STU  |b slo 
041 0 |a cze 
044 |a xo 
100 1 |a Hořejš, Ant.  |4 aut 
245 1 0 |a Bratislava 1932  |b Ing. arch. A. Balán & Ing. arch. J. Grossmann : 10 roků architektonické práce / 1922-32  |c aut. Ant. Hořejš 
250 |a 1. vydanie 
260 |a Bratislava :  |b Slovenská Grafia,  |c 1932 
300 |a 56 s. 
650 0 7 |a architektúra slovenská 
650 0 7 |a obytné budovy 
650 0 7 |a občianske budovy 
650 0 7 |a Bratislava 
650 0 7 |a tridsiate roky 
650 0 7 |a dvadsiate roky 
650 0 7 |a 20. storočie 
650 0 7 |a mestský urbanizmus 
650 0 7 |a architektúra česká 
650 0 7 |a YMCA 
650 0 7 |a Balán Alojz 
650 0 7 |a Grossmann, Jiří 
650 0 7 |a Umelka 
996 |b 284AU07422  |c A* 10672/U  |l AAKNST  |s P  |a 0  |w 0064940_0001